000 00466nab a2200145Ia 4500
003 ES-SlBCS
005 20210601134321.0
008 140529s1980-1981xu||||| |||| 00| 0 spa d
041 _aspa
100 1 _aFrosini, Vittorio
_9166322
245 0 0 _aLa universidad desintegrada: la situaciín italiana
_c Vittorio Frosini
650 0 4 _aUniversidad
_9100774
773 0 _tAnales de la Catedra Francisco Suarez
_gnº. 20-21, 1980-1981, págs. 219-238
_wRev1020
942 _cAR
999 _c610863
_d610863